Do terror à esperança: auge e declínio do neoliberalismo/
El autor realiza un análisis exhaustivo que da como resultado un texto claro preciso y completo que abarca el conjunto de aspectos e interpretaciones que atañen a la experiencia neoliberal y su herencia negativa en lo político y social y como algunos pseudoteóricos y técnicos insisten en mantener u...
Guardado en:
| Hovedforfatter: | |
|---|---|
| Format: | Bog |
| Sprog: | Portuguese |
| Udgivet: |
Aparecida, Brasil:
Idéias & Letras,
2004
|
| Tags: |
Tilføj Tag
Ingen Tags, Vær først til at tagge denne postø!
|
MARC
| LEADER | 00000nam a22000007a 4500 | ||
|---|---|---|---|
| 003 | cru IIS | ||
| 005 | 20220708152053.0 | ||
| 008 | 220503t2004 bl |||||r|||| 0|| | por d | ||
| 020 | |a 8598239100 | ||
| 040 | |c cru IIS | ||
| 090 | |a 03.02.01 D724t | ||
| 100 | 1 | |9 10400 |a Santos, Theotonio Dos |e Autor | |
| 245 | 1 | |a Do terror à esperança: |b auge e declínio do neoliberalismo/ |c Theotonio Dos Santos | |
| 260 | |a Aparecida, Brasil: |b Idéias & Letras, |c 2004 | ||
| 300 | |a 568 páginas: |b tablas | ||
| 520 | 3 | |a El autor realiza un análisis exhaustivo que da como resultado un texto claro preciso y completo que abarca el conjunto de aspectos e interpretaciones que atañen a la experiencia neoliberal y su herencia negativa en lo político y social y como algunos pseudoteóricos y técnicos insisten en mantener un sistema fallido. | |
| 650 | 0 | 7 | |0 TESAUROS |
| 942 | |2 ddc |c LI | ||
| 999 | |c 44209 |d 44209 | ||



